000 00406nam a2200181Ia 4500
005 20240823055933.0
008 240823s9999||||xx |||||||||||||| ||und||
041 _aENGLISH
082 _A546 K3
100 _aParkes.G.D
245 0 _aMuller s Inorganic Chemistry
250 _a1st
260 _b#VALUE!
500 _aTRANSFERED
650 _aChemistry
_bChemistry
942 _cBK
999 _c229955
_d229955